000 00713nam a22002297a 4500
008 130525b xxu||||| |||| 00| 0 eng d
020 _a81 261 0029 x
024 _cAvialable
037 _cAvialable
040 _aMBSTU LIBRARY
082 _222 ed
_a301.03 ARE
100 _aArvint Kumar.
245 _aEncyclopedia of Rural Sociology.
260 _aNew Delhi
_bAnmol Publications Pvt. Ltd
_c1998
300 _a25 cm
_b507, 401, 331, 461 Page
600 _aEncyclopedia of Rural Sociology.
700 _aArvint Kumar.
270 _aNew Delhi
_dIndia
_bNew Delhi
365 _b11270.00
_d11270.00
942 _2ddc
_cBK
999 _c411
_d411